000 01274nam a2200253Ia 4500
999 _c54940
_d54940
001 22011
003 GE_BSU
005 20220926150153.0
008 181216s ||||ge |||||||||||||| || ||
040 _cGE_BSU
041 _ageo
080 _a821.111(73)(092ლონგფელო) ვ-65
100 _aვლადიმირსკაია, ვერა
_914809
245 _aლონგფელო :
_b [ამერიკელი პოეტი, მთარგმნელი და მეცნიერი] /
_cვერა ვლადიმირსკაია, რევაზ სურგულაძე.
250 _a1-ლი გამოცემა
264 _aთბილისი :
_bნაკადული,
_c1984.
300 _a186 გვ. :
_b1 ფ. პორტრ. ;
_c20 სმ.
490 _aგამოჩენილ ადამიანთა ცხოვრება
_v69
541 _h5ლ.
653 _aლონგფელო : [ამერიკელი პოეტი, მთარგმნელი და მეცნიერი]
653 _aმხატვრული ლიტერატურა
700 _aსურგულაძე, რევაზ
_eავტორი
_914810
942 _cBK
_2udc